01286 a2200205 45000010006000000050017000060080041000230030015000640400040000790800020001192450025001392500012001642640045001763000019002215050768002400410008010081000021010167000021010377000022010585425420260407155813.0260407a1969 arg spa dAR-UNSa-BCEJYS aAR-UNSa-BCEJYSbspacAR-UNSa-BCEJYS a330.14xCapital10aPara leer El capital a2a. ed. 1aBuenos Aires :bSiglo XXI Editoresc1969 a335 p.c20 cm. aParte I. El objeto de “El Capital” / Louis Althusser: 1. Advertencia – 2. Marx y sus descubrimientos – 3. Los méritos de la economía clásica – 4. Los defectos de la economía clásica. Bosquejo del concepto de tiempo histórico – 5. El marxismo no es un historicismo – 6. Proposiciones epistemológicas de El capital (Marx, Engels) – 7. El objeto de “la economía política” – 8. La crítica de Marx - 9. La inmensa revolución teórica de Marx - Parte II. Acerca de los conceptos fundamentales del materialismo histórico / Étienne Balibar: 1. De la periodización a los modos de producción – 2. Los elementos de la estructura y su historia – 3. La reproducción – 4. Elementos para una teoría del tránsito.  aspa1 aAlthusser, Louis1 aBalibar, Etienne1 aHarnecker, Martha